00959cam a22002655a 45000010009000000050017000090080041000260200018000670400028000850820023001131000025001362450078001612500012002392600050002513000037003015000027003385000024003655040031003896500032004206530023004527000032004759420008005079990017005159520161005321789305220201128024131.0170213t2014 enka frbd 001 0 eng d a9781292000749 aDLCbengcDLCdEG-ScBUE04222a150.15195bHOW1 aHowitt, Dennis.971410aIntroduction to statistics in psychology /cDennis Howitt, Duncan Cramer. a6th ed. aHarlow :bPearson Education Limited,cc.2014. axxviii, 712 p. :bill. ;c24 cm. aGlossary : p. 685-692. aIndex : p. 699-712. aBibliography : p. 693-698. 7aPsychometrics.2BUEsh94480 bGGENcFebruary20171 aCramer, Duncan,d1948-9716 2ddc c24133d24105 00102ddc40708AlahramaMAINbMAINcLOWd2017-02-13ePurchaseg295.00h21039l5m21o150.15195 HOWp000045445r2025-07-15 00:00:00s2025-02-20v368.75yBB